| 000 | 00998cam a2200277 4500 | ||
|---|---|---|---|
| 001 | ABS62072 | ||
| 008 | 000000n2000 000 0 eng u | ||
| 035 | _a(Sirsi) u104754 | ||
| 100 | _aTaylor, C. | ||
| 245 | _aContaminated land | ||
| 260 | _c2000 | ||
| 490 |
_aSolicitors' Journal _v144(7) 25 February 2000, 160-177(5) |
||
| 520 | _aAssesses the likely impact on purchaser protection of the draft Contaminated Land Guidance, coming into force in April 2000. Looks at the products and services available to screen property for environmental risk. | ||
| 590 | _aABS | ||
| 600 | _aCONTAMINATED LAND | ||
| 650 | _aENVIRONMENTAL PROTECTION ACT 1990 | ||
| 650 | _aENVIRONMENT ACT 1995 | ||
| 650 | _aDRAFT CONTAMINATED LAND GUIDANCE | ||
| 650 |
_aRESIDENTIAL PROPERTY _96266 |
||
| 650 | _aBROWNFIELD SITES | ||
| 650 |
_aContamination _96231 |
||
| 650 | _aENVIRONMENTAL DATA PROVIDER | ||
| 650 | _aENVIRONMENTAL INFORMATION | ||
| 690 | _aENVIRONMENT-ENVIRONMENTAL LAW | ||
| 942 | _n0 | ||
| 999 |
_c62844 _d62844 |
||